Kronika o Hadžim Dimitrovi / (Record no. 22732)
[ view plain ]
| 000 -LEADER | |
|---|---|
| fixed length control field | 01011nam a22003131 4500 |
| 001 - CONTROL NUMBER | |
| control field | 22732 |
| 003 - CONTROL NUMBER IDENTIFIER | |
| control field | CZ PrNK |
| 005 - DATE AND TIME OF LATEST TRANSACTION | |
| control field | 20260421162340.0 |
| 008 - FIXED-LENGTH DATA ELEMENTS--GENERAL INFORMATION | |
| fixed length control field | 000207s1980 xo a c 000 1 slo |
| 040 ## - CATALOGING SOURCE | |
| Original cataloging agency | ABA001 |
| Language of cataloging | cze |
| Transcribing agency | ABA001 |
| Modifying agency | ABA001 |
| 041 1# - LANGUAGE CODE | |
| Language code of text/sound track or separate title | slo |
| Language code of original | bul |
| 072 #7 - SUBJECT CATEGORY CODE | |
| Subject category code | 821.163 |
| Subject category code subdivision | Jihoslovanské literatury |
| Source | Konspekt |
| 080 ## - UNIVERSAL DECIMAL CLASSIFICATION NUMBER | |
| Universal Decimal Classification number | 821-93 |
| Edition identifier | MRF |
| 080 ## - UNIVERSAL DECIMAL CLASSIFICATION NUMBER | |
| Universal Decimal Classification number | (0:82-311.6) |
| Edition identifier | MRF |
| 080 ## - UNIVERSAL DECIMAL CLASSIFICATION NUMBER | |
| Universal Decimal Classification number | 821.163.2-31 |
| Edition identifier | MRF |
| 100 1# - MAIN ENTRY--PERSONAL NAME | |
| Personal name | Karaslavov, Slav Christo, |
| Dates associated with a name | 1932-2002 |
| Relationship | aut |
| 245 10 - TITLE STATEMENT | |
| Title | Kronika o Hadžim Dimitrovi / |
| Statement of responsibility, etc. | Slav Christov Karaslavov ; [preložil Milan Topoľský ; ilustr. Běla Kolčáková] |
| 250 ## - EDITION STATEMENT | |
| Edition statement | 1. vyd. |
| 260 ## - PUBLICATION, DISTRIBUTION, ETC. | |
| Place of publication, distribution, etc. | Bratislava : |
| Name of publisher, distributor, etc. | Mladé letá, |
| Date of publication, distribution, etc. | 1980 |
| 300 ## - PHYSICAL DESCRIPTION | |
| Extent | 222 s. : |
| Other physical details | il. |
| 500 ## - GENERAL NOTE | |
| General note | Přeloženo z bulharštiny |
| 521 1# - TARGET AUDIENCE NOTE | |
| Target audience note | Pre čitatelov od 11 rokov |
| 655 #7 - INDEX TERM--GENRE/FORM | |
| Genre/form data or focus term | bulharské romány |
| Source of term | czenas |
| 655 #7 - INDEX TERM--GENRE/FORM | |
| Genre/form data or focus term | historické romány |
| Source of term | czenas |
| 655 #7 - INDEX TERM--GENRE/FORM | |
| Genre/form data or focus term | publikace pro mládež |
| Source of term | czenas |
| 765 0# - ORIGINAL LANGUAGE ENTRY | |
| Title | Chronika za Chadži Dimitar |
| 910 ## - USER-OPTION DATA (OCLC) | |
| User-option data | ABA001 |
| 942 ## - ADDED ENTRY ELEMENTS (KOHA) | |
| Source of classification or shelving scheme | Dewey Decimal Classification |
| Koha item type | Krásna literatúra pre deti |
| Suppress in OPAC | No |
| Stav vyradenia | Strata | Poškodenie | Spôsob nadobudnutia | Domovská knižnica | Aktuálna knižnica | Dátum nadobudnutia | Total checkouts | Čiarový kód exemplára | Date last seen | Typ exemplára |
|---|---|---|---|---|---|---|---|---|---|---|
| Dar | Obecná knižnica Horná Štubňa | Obecná knižnica Horná Štubňa | 21.04.2026 | 4736202271 | 21.04.2026 | Krásna literatúra pre deti |
